Movies Quiz

Random Movies or Quote Quiz

Complete the Borat quotes! Quiz Stats

 Plays Quiz not verified by Sporcle

Challenge
Share
Tweet
Embed
Score 0/20 Timer 05:00
1 Play Today
Line Fill the Gap % Correct
'This suit is _____ black'Not
85.7%
'This is my mother. She is oldest woman in ALL of Kuzçek. She is ___'43
65.7%
Kazakhstan main issue:Jew
64.7%
'I like _____'You
62.9%
'This is Urkin, the _________. Naughty, naughty!'Town Rapist
61.8%
'My wife is dead…? __________!'High Five
60.7%
'You telling me the man who try to put a ____________ in my anus was a homosexual?'Rubber fist
59.4%
'I get a window from a glass, he must get a window from a glass. I get a step, he must get a step. I get a _________, he cannot afford.'Clock radio
59.3%
'King in the Castle, I have a _______!'Chair
57.6%
My Hobbies:Table Tennis
55.8%
Line Fill the Gap % Correct
'I arrived in America's airport with clothings, US dollars, and a ________________ to protect me from AIDS.'Jar of gypsy tears
52.7%
'This is Natalya.She is my sister. She is ________________ in whole of Kazakhstan.'Number four prostitute
51.4%
'You will be my ________'Boyfriend
45.4%
At Rodeo: 'We support your ____________'War of Terror
42.7%
Kazakhstan main issue:Economic
41.7%
Kazakhstan main issue:Social
37.1%
A - 'What kind of dog is this?' 'It's a __________'Tortoise
36.7%
My Hobbies:Disco Dance
31.6%
B -' Is it a ___________?'Cat in a hat
31.2%
My Hobbies:taking photographs of ladies doing toilet without their knowledge
1.6%

You're not logged in!

Compare scores with friends on all Sporcle quizzes.
OR
Log In

You Might Also Like...

Show Comments

Extras

Created Apr 22, 2010ReportNominate
Tags:Quote Quiz, borat, complete, gap

Top Quizzes Today


Score Distribution

Your Account Isn't Verified!

In order to create a playlist on Sporcle, you need to verify the email address you used during registration. Go to your Sporcle Settings to finish the process.

Report this User

Report this user for behavior that violates our Community Guidelines.

Details: